| 000 | 00365nam a22001697a 4500 | ||
|---|---|---|---|
| 003 | UA-OsUOA | ||
| 001 | 5681 | ||
| 007 | ta | ||
| 008 | 20050721b un ||||| |||| 00| 0 ukr d | ||
| 100 | _aGeorge | ||
| 700 | _aJean | ||
| 942 | _cBK | ||
| 040 |
_aUA-OsUOA _cUA-OsUOA _dUA-OsUOA |
||
| 245 | _aMarvels & Mysteries of Our Animal World | ||
| 955 | _a2 | ||
| 650 | 7 | _2UDC | |
| 999 |
_c291843 _d291843 |
||